| 000 | 04327ncm a2200949 c 4500 | ||
|---|---|---|---|
| 999 |
_c310203 _d310203 |
||
| 003 | BLK | ||
| 005 | 20240719085653.0 | ||
| 008 | 180414b bul |a|er|||| |0| c|bulo| | ||
| 010 | _aNOT00002299000 | ||
| 040 | _aBLK | ||
| 041 |
_aBUL _cBUL |
||
| 080 |
_aМузика за пиано _b786.2 _z786.2 |
||
| 139 |
_aИзбрани пиеси за пиано _bИ 35 |
||
| 245 | 1 | 0 |
_aИзбрани пиеси _bЗа обучението по задължително пиано в СМУ : Ч. 1 - 2 _cсъстав. Стефка Генадиева; състав. Антоанета Атанасова; състав. Сия Ранкова. _nЧ. 1. _pЗа І и ІІ курс |
| 257 | _aBGR | ||
| 260 |
_bНаука и изкуство _c1968 - |
||
| 300 | _c31 см | ||
| 380 | _a7 | ||
| 505 | _tМалък балет | ||
| 505 | _tВеселите момичета | ||
| 505 | _tЛовджийски рог и ехо | ||
| 505 | _tМалко рондо | ||
| 505 | _tАриозо | ||
| 505 |
_rДаниел Готлиб Тюрк. _tДетски кадрил |
||
| 505 |
_rЖан Филип Рамо. _tМенует |
||
| 505 | _tСтарофренски танц | ||
| 505 |
_rЯ. Сен-Люк. _tБуре |
||
| 505 |
_rМ. А. Ле Бег. _tМенует |
||
| 505 |
_rЛеополд Моцарт. _tБурлеска |
||
| 505 | _tМалка приказка | ||
| 505 | _tБавна песен | ||
| 505 |
_rАлександр Тихонович Гречанинов. _tРаздяла |
||
| 505 |
_rФрансоа Купрен. _tВолта |
||
| 505 | _tАрия | ||
| 505 |
_rКатрин Брейди. _tМенует |
||
| 505 |
_rФранц Йозеф Хайдн. _tТанц |
||
| 505 |
_rВолфганг Амадеус Моцарт. _tМенует |
||
| 505 |
_rАлек Роулей. _tИз страната на джуджетата |
||
| 505 | _tБавно страдание | ||
| 505 |
_rБела Барток. _tРоманс |
||
| 505 |
_rПарашкев Тодоров Хаджиев. _tГайда |
||
| 505 |
_rСветослав Обретенов. _tНа полето |
||
| 505 |
_rГеорг Бьом. _tСарабанда |
||
| 505 |
_rВолфганг Амадеус Моцарт. _tМенует |
||
| 505 |
_rЙохан Пахелбел. _tСарабанда |
||
| 505 |
_rВилхелм Фридеман Бах. _tМенует |
||
| 505 |
_rЛеополд Моцарт. _tЖига |
||
| 505 | _tВ латера | ||
| 505 | _tНа ливадката | ||
| 505 | _tТанц | ||
| 505 | _tНа конче | ||
| 505 |
_rАлександр Тихонович Гречанинов. _tНеобикновено произшествие |
||
| 505 |
_rДоменико Циполи. _tПасторал |
||
| 505 |
_rМихаил Андреевич Осоргин. _tТанц |
||
| 505 |
_rРоберт Шуман. _tСмелият конник |
||
| 505 |
_rСергей Эдуардович Борткевич. _tПрез степите |
||
| 505 | _tМоряшка песен | ||
| 505 | _tВ ковачницата | ||
| 505 |
_rСамуил Майкапар. _tГавот |
||
| 505 |
_rСергей Сергеевич Прокофиев. _tМалка приказка |
||
| 505 |
_rБела Барток. _tСловашки танц |
||
| 505 | _tГосподин Гиньол | ||
| 505 |
_rАлек Роулей. _tГоспжа Гиньол |
||
| 505 |
_rСветослав Обретенов. _tТъжното козарче |
||
| 505 | _tХумореска | ||
| 505 |
_rВеселин Стоянов. _tПрисипвна песен |
||
| 505 |
_rАсен Павлов Карастоянов. _tДий, конче |
||
| 650 | 4 |
_aПиано - пиеси _9291568 |
|
| 653 | _aпиано | ||
| 653 | _aпиеси | ||
| 700 | 1 |
_aГенадиева, Стефка _eсъстав. _9362678 |
|
| 700 | 1 |
_aАтанасова, Антоанета _eсъстав. _9389076 |
|
| 700 | 1 |
_aРанкова, Сия _eсъстав. _9362679 |
|
| 760 | 1 |
_c50 с. _dСофия, 1968 _h50 с. _tЧ. 1. За І и ІІ курс |
|
| 852 |
_aЦб М ІІ 4482 _p49 |
||
| 856 | 4 |
_qpdf _u |
|
| 856 | 4 |
_qpdf _u |
|
| 942 |
_cNOT _n0 _04 _s1 |
||
| 944 |
_aCR _c28.08.2007 _k30542 _lРусанова Ирена |
||
| 944 |
_aED _c01.11.2010 |
||
| 999 | _d310203 | ||